[Event "4NCL/Div2/KHE vs. WGR3"]
[Site "Nottingham ENG"]
[Date "2005.01.23"]
[Round "6.7"]
[White "Compton, Alistair"]
[Black "Hasman, Cengiz"]
[Result "0-1"]
[WhiteElo "2103"]
[BlackElo "2152"]
[PlyCount "90"]
[EventDate "2005.01.23"]
[SourceDate "2004.09.21"]

1. e4 Nf6 2. Nc3 d5 3. e5 Ne4 4. Qf3 Nxc3 5. dxc3 c5 6. Bf4 Nc6 7. Bd3 e6 8. h4
Qa5 9. Qg3 c4 10. Be2 Nd4 11. Bd1 b5 12. Ne2 Nf5 13. Qh3 h5 14. O-O Bc5 15. b4
cxb3 16. cxb3 Qd8 17. g3 Bb7 18. Bc2 Ne7 19. Rfd1 Rc8 20. Rac1 Qb6 21. Qf1 a5
22. Bd3 b4 23. cxb4 axb4 24. Rc2 O-O 25. Rdc1 d4 26. Bg5 Nd5 27. Nf4 Nc3 28.
Nxh5 Qc6 29. Kh2 Qf3 30. Nf4 Rc7 31. Be2 Qc6 32. Nd3 Ra8 33. Bd2 Bf8 34. Bg4
Ba6 35. Bh3 Qb5 36. Bg2 Rd8 37. Nf4 d3 38. Rxc3 bxc3 39. Rxc3 Rxc3 40. Bxc3 Rc8
41. Qe1 Qc5 42. Bd2 Qc2 43. Bh3 Qxa2 44. Nxe6 Rc2 45. Be3 Re2 0-1

[Event "4NCL/Div2/HKF1 vs. SWD1"]
[Site "Nottingham ENG"]
[Date "2005.01.23"]
[Round "6.1"]
[White "Kiriakov, Petr"]
[Black "Cobb, James E"]
[Result "1/2-1/2"]
[WhiteElo "2564"]
[BlackElo "2346"]
[PlyCount "138"]
[EventDate "2005.01.23"]
[SourceDate "2004.09.21"]

1. d4 Nf6 2. c4 e6 3. Nc3 d5 4. cxd5 exd5 5. Bg5 c6 6. e3 Bf5 7. Qf3 Bg6 8.
Bxf6 Qxf6 9. Qxf6 gxf6 10. Nf3 Nd7 11. Nh4 Be7 12. g3 Nb6 13. O-O-O Nc8 14. Bd3
Nd6 15. Ng2 O-O 16. Nf4 Kg7 17. h4 Rfe8 18. Rhg1 Bd8 19. Bc2 Ba5 20. Nce2 Rac8
21. g4 c5 22. Bxg6 hxg6 23. dxc5 Rxc5+ 24. Kb1 Ne4 25. Nd3 Rc4 26. h5 Nd2+ 27.
Ka1 Nf3 28. Rg3 Ne5 29. Nxe5 fxe5 30. Rxd5 Rc2 31. Rxa5 Rxe2 32. a3 a6 33. hxg6
fxg6 34. Rf3 Re7 35. Rc5 Kh6 36. Rf8 Kg5 37. Rc4 Rd7 38. Rb4 b5 39. Re8 Kf6 40.
Rf8+ Kg5 41. Ka2 Rd5 42. f4+ Kxg4 43. f5+ Kg5 44. fxg6 Kxg6 45. Rg4+ Kh7 46.
Rf7+ Kh6 47. Rf3 Rh2 48. Rf6+ Kh5 49. Re4 Kg5 50. Rxa6 Kf5 51. Rb4 Re2 52. Rb3
Ke4 53. Rh6 Rc5 54. Rh3 Rf2 55. Rh4+ Kf3 56. e4+ Ke2 57. Rb4 Rf4 58. Rh2+ Rf2
59. Rh6 Ke3 60. Rd6 Rfc2 61. Rb6 Rd2 62. R6xb5 Rxb5 63. Rxb5 Kxe4 64. a4 Rd8
65. b4 Kd4 66. Kb3 e4 67. Rh5 e3 68. Kc2 e2 69. Kd2 Kc4+ 1/2-1/2

[Event "4NCL/Div2/HKF1 vs. SWD1"]
[Site "Nottingham ENG"]
[Date "2005.01.23"]
[Round "6.2"]
[White "Jones, Richard S"]
[Black "Arkell, Keith C"]
[Result "1-0"]
[WhiteElo "2320"]
[BlackElo "2492"]
[PlyCount "87"]
[EventDate "2005.01.23"]
[SourceDate "2004.09.21"]

1. e4 c6 2. d4 d5 3. exd5 cxd5 4. c4 Nf6 5. Nc3 g6 6. Qb3 Bg7 7. cxd5 O-O 8.
Be2 Na6 9. Bf4 Qb6 10. Qxb6 axb6 11. Rc1 Bg4 12. f3 Bd7 13. a3 Nh5 14. Be3 Nc7
15. Bc4 Rfc8 16. Nge2 Ne8 17. Ne4 h6 18. g4 Nhf6 19. Nxf6+ exf6 20. Kd2 f5 21.
gxf5 Nd6 22. Bd3 Nxf5 23. Bf2 h5 24. Rxc8+ Rxc8 25. Bxf5 Bxf5 26. Rc1 Rxc1 27.
Nxc1 Kf8 28. Kc3 Bh6 29. Nd3 Ke8 30. Bg3 Be3 31. a4 f6 32. b3 g5 33. Nb2 h4 34.
Nc4 hxg3 35. hxg3 Bxd4+ 36. Kxd4 Bc2 37. Nxb6 Bxb3 38. d6 Bd1 39. f4 gxf4 40.
gxf4 Bb3 41. Kc5 Kf7 42. a5 Bc2 43. Nd7 Ba4 44. Nb8 1-0

[Event "4NCL/Div2/HKF1 vs. SWD1"]
[Site "Nottingham ENG"]
[Date "2005.01.23"]
[Round "6.3"]
[White "Wells, Peter K"]
[Black "Morris, Charles F"]
[Result "1-0"]
[WhiteElo "2519"]
[BlackElo "2213"]
[PlyCount "75"]
[EventDate "2005.01.23"]
[SourceDate "2004.09.21"]

1. Nf3 d5 2. c4 c6 3. d4 Nf6 4. Nc3 dxc4 5. a4 Bf5 6. e3 e6 7. a5 Bb4 8. Qa4
Qe7 9. Bxc4 O-O 10. O-O Nbd7 11. Be2 Bd6 12. Nh4 Bg4 13. Bxg4 Nxg4 14. Nf3 f5
15. Qb3 Ndf6 16. h3 Nh6 17. Re1 Rae8 18. e4 Bb4 19. e5 Ne4 20. Nxe4 Bxe1 21.
Nd6 Bxf2+ 22. Kxf2 Rb8 23. Ng5 Nf7 24. Nxe6 Nxd6 25. Nxf8+ Kxf8 26. exd6 Qxd6
27. Qa3 Rd8 28. Be3 Kg8 29. Qxd6 Rxd6 30. a6 b6 31. Rc1 Kf7 32. g3 Ke8 33. Bf4
Rxd4 34. Rxc6 Rd7 35. Rc8+ Ke7 36. Rc7 Kd8 37. Rb7 Kc8 38. Rb8# 1-0

[Event "4NCL/Div2/HKF1 vs. SWD1"]
[Site "Nottingham ENG"]
[Date "2005.01.23"]
[Round "6.4"]
[White "Blackburn, Jonathan L B"]
[Black "Berzinsh, Roland"]
[Result "0-1"]
[WhiteElo "2179"]
[BlackElo "2454"]
[PlyCount "50"]
[EventDate "2005.01.23"]
[SourceDate "2004.09.21"]

1. d4 Nf6 2. c4 e6 3. Nc3 Bb4 4. Nf3 c5 5. e3 Nc6 6. Bd3 Bxc3+ 7. bxc3 d6 8.
Qc2 e5 9. d5 Ne7 10. Nh4 g5 11. Nf5 e4 12. Qa4+ Bd7 13. Nxd6+ Kf8 14. Qa3 exd3
15. e4 Qb6 16. e5 Ng4 17. Ne4 Bf5 18. Nxc5 Rc8 19. h3 Nxe5 20. Na4 d2+ 21. Bxd2
Nd3+ 22. Kd1 Qxf2 23. Bxg5 Qxg2 24. Qxe7+ Kg8 25. Re1 Nb2+ 0-1

[Event "4NCL/Div2/HKF1 vs. SWD1"]
[Site "Nottingham ENG"]
[Date "2005.01.23"]
[Round "6.5"]
[White "Greet, Andrew N"]
[Black "James, David J"]
[Result "1-0"]
[WhiteElo "2389"]
[BlackElo "2236"]
[PlyCount "109"]
[EventDate "2005.01.23"]
[SourceDate "2004.09.21"]

1. e4 c5 2. Nf3 d6 3. Bb5+ Bd7 4. Bxd7+ Qxd7 5. c4 Nc6 6. Nc3 g6 7. d4 cxd4 8.
Nxd4 Bg7 9. Nde2 Nf6 10. f3 O-O 11. O-O a6 12. a4 e6 13. Bg5 h6 14. Bh4 b6 15.
Rb1 Rfd8 16. Qd2 Kh7 17. Rfd1 Qb7 18. Qe3 Rd7 19. b3 Na7 20. Nd4 Nc6 21. Nxc6
Qxc6 22. Rd3 Qc5 23. Bf2 Qxe3 24. Bxe3 Rb8 25. Rbd1 Ne8 26. Na2 Rdb7 27. Nb4
Ra8 28. Kf2 Bf8 29. Nc6 Rc8 30. Nd4 Nc7 31. Rc1 Ne8 32. Ra1 Bg7 33. Ra2 Bf8 34.
Ke2 Bg7 35. Bf2 Kg8 36. Bg3 Kf8 37. Nc2 Ke7 38. Nb4 Ra8 39. e5 dxe5 40. Nc6+
Kf8 41. Nxe5 Nf6 42. Rad2 Ke8 43. Nc6 Rd7 44. a5 Rxd3 45. Rxd3 bxa5 46. Nxa5
Bf8 47. Nb7 Nd7 48. Nd6+ Ke7 49. Nb7 e5 50. c5 Ke6 51. Bf2 Rc8 52. c6 Nf6 53.
Rd8 Rxd8 54. Nxd8+ Ke7 55. Nxf7 1-0

[Event "4NCL/Div2/HKF1 vs. SWD1"]
[Site "Nottingham ENG"]
[Date "2005.01.23"]
[Round "6.6"]
[White "Zeidler, Sven P"]
[Black "Houska, Jovanka"]
[Result "0-1"]
[WhiteElo "2190"]
[BlackElo "2325"]
[PlyCount "86"]
[EventDate "2005.01.23"]
[SourceDate "2004.09.21"]

1. e4 c6 2. d4 d5 3. f3 g6 4. Nc3 Bg7 5. Be3 Qb6 6. Qd2 Qxb2 7. Rb1 Qa3 8. exd5
Nf6 9. dxc6 bxc6 10. Bc4 O-O 11. Nge2 Ba6 12. Rb3 Qa5 13. Bxa6 Qxa6 14. O-O
Nbd7 15. Bh6 Rad8 16. Qg5 Bxh6 17. Qxh6 c5 18. dxc5 Nxc5 19. Rb4 Rd6 20. Rh4
Rfd8 21. Ng3 Qb6 22. Kh1 Rd4 23. Nce4 Ncxe4 24. Nxe4 Kh8 25. Nxf6 Rxh4 26. Qxh4
exf6 27. h3 Kg7 28. Qc4 Rd2 29. Qc3 Rd5 30. Qb3 Rb5 31. Qc4 Rc5 32. Qb3 Qc6 33.
Rc1 Rc3 34. Qb2 a5 35. a4 Rc4 36. Qb5 Qc7 37. c3 h5 38. Kg1 Qf4 39. Rb1 Rxa4
40. Qe8 Ra2 41. Rb8 Ra1+ 42. Kf2 Qd2+ 43. Qe2 Qxc3 0-1

[Event "4NCL/Div2/HKF1 vs. SWD1"]
[Site "Nottingham ENG"]
[Date "2005.01.23"]
[Round "6.7"]
[White "Broomfield, Matthew"]
[Black "Smith, Jeff R"]
[Result "1/2-1/2"]
[WhiteElo "2288"]
[BlackElo "2197"]
[PlyCount "79"]
[EventDate "2005.01.23"]
[SourceDate "2004.09.21"]

1. d4 Nf6 2. c4 e6 3. Nf3 b6 4. a3 Bb7 5. Nc3 d5 6. cxd5 Nxd5 7. Bd2 Be7 8. Qc2
O-O 9. e4 Nxc3 10. Bxc3 Nd7 11. Rd1 Qc8 12. Bc4 c5 13. d5 exd5 14. exd5 Ba6 15.
Qd3 Bxc4 16. Qxc4 Bf6 17. O-O a6 18. a4 Rb8 19. Bxf6 b5 20. axb5 axb5 21. Qf4
Nxf6 22. Ne5 Ra8 23. Rfe1 Ra4 24. Qf3 Qa8 25. Nc6 Re8 26. Ne7+ Kf8 27. Nc6
Rxe1+ 28. Rxe1 Ra1 29. Rd1 Rxd1+ 30. Qxd1 Nxd5 31. Ne5 c4 32. g3 c3 33. bxc3
Nxc3 34. Qd6+ Kg8 35. Qc7 f6 36. Qxc3 fxe5 37. Qb3+ Kf8 38. Qxb5 Qa1+ 39. Kg2
Qa8+ 40. Kg1 1/2-1/2

[Event "4NCL/Div2/HKF1 vs. SWD1"]
[Site "Nottingham ENG"]
[Date "2005.01.23"]
[Round "6.8"]
[White "Cast, Abigail"]
[Black "Lindner, Daniel"]
[Result "0-1"]
[WhiteElo "2120"]
[BlackElo "2239"]
[PlyCount "66"]
[EventDate "2005.01.23"]
[SourceDate "2004.09.21"]

1. d4 Nf6 2. Nf3 e6 3. Bg5 h6 4. Bh4 d6 5. Nbd2 g5 6. Bg3 Nh5 7. e3 Bg7 8. Bd3
O-O 9. c3 f5 10. Qb3 a5 11. a4 Qe7 12. Bb1 Kh8 13. Qd1 Nd7 14. Nc4 b6 15. Nfd2
Ndf6 16. b4 axb4 17. cxb4 b5 18. Na5 Bd7 19. axb5 Bxb5 20. Ndb3 f4 21. exf4 e5
22. fxg5 exd4+ 23. Kd2 hxg5 24. Bg6 Bh6 25. Nxd4 d5 26. Rb1 g4+ 27. Kc3 Rxa5
28. bxa5 Ne4+ 29. Bxe4 Qc5+ 30. Kb2 Bg7 31. Ka2 Bc4+ 32. Rb3 Bxd4 33. Bxc7
Rxf2+ 0-1

[Event "4NCL/Div2/PYO vs. MIN1"]
[Site "Nottingham ENG"]
[Date "2005.01.23"]
[Round "6.1"]
[White "Rendle, Thomas E"]
[Black "McFarland, Robert S"]
[Result "1-0"]
[WhiteElo "2370"]
[BlackElo "2282"]
[PlyCount "67"]
[EventDate "2005.01.23"]
[SourceDate "2004.09.21"]

1. e4 g6 2. d4 Bg7 3. Nc3 d6 4. Be3 a6 5. h4 h5 6. Nf3 Bg4 7. Be2 Nd7 8. Ng5
Bxe2 9. Nxe2 Ngf6 10. f3 O-O 11. c3 c6 12. Qd2 e6 13. O-O-O Qa5 14. Kb1 Qb5 15.
Qd3 Qxd3+ 16. Rxd3 b5 17. Rc1 d5 18. e5 Nh7 19. g4 hxg4 20. fxg4 c5 21. Nxh7
Kxh7 22. Nf4 c4 23. Rd2 Rfb8 24. Rh2 Kg8 25. h5 Nf8 26. h6 Bh8 27. h7+ Kg7 28.
Rch1 f6 29. exf6+ Kxf6 30. Ne2 Nd7 31. Rf1+ Ke7 32. Bg5+ Kd6 33. Rh6 Rf8 34.
Bf4+ {time} 1-0

[Event "4NCL/Div2/PYO vs. MIN1"]
[Site "Nottingham ENG"]
[Date "2005.01.23"]
[Round "6.2"]
[White "Richards, Heather"]
[Black "Martyn, Rafe"]
[Result "1/2-1/2"]
[WhiteElo "2205"]
[BlackElo "2281"]
[PlyCount "82"]
[EventDate "2005.01.23"]
[SourceDate "2004.09.21"]

1. e4 c6 2. d4 d5 3. f3 e6 4. Be3 Nf6 5. e5 Nfd7 6. f4 c5 7. c3 b6 8. Nf3 Be7
9. Bd3 Ba6 10. O-O Bxd3 11. Qxd3 f5 12. exf6 Nxf6 13. Nbd2 O-O 14. Rae1 Nfd7
15. Qe2 Re8 16. Ne5 Nxe5 17. fxe5 cxd4 18. cxd4 Bb4 19. Qg4 Nc6 20. Rf6 Qd7 21.
Ref1 Bxd2 22. Bxd2 Rf8 23. Be3 Rae8 24. R1f3 Qe7 25. h4 Nd8 26. h5 Kh8 27.
Rxf8+ Rxf8 28. Bg5 Qb4 29. h6 Rxf3 30. hxg7+ Kg8 31. Qxf3 Qxd4+ 32. Be3 Qb4 33.
Qf6 Nf7 34. Bf2 Qxb2 35. Qxe6 Qa1+ 36. Kh2 Qxe5+ 37. Qxe5 Nxe5 38. Bd4 Nd7 39.
Kg3 Nc5 40. Kf4 Ne6+ 41. Ke5 Nxd4 1/2-1/2

[Event "4NCL/Div2/PYO vs. MIN1"]
[Site "Nottingham ENG"]
[Date "2005.01.23"]
[Round "6.3"]
[White "Dorrington, Christopher"]
[Black "Almond, Richard"]
[Result "1-0"]
[WhiteElo "2194"]
[BlackElo "2149"]
[PlyCount "39"]
[EventDate "2005.01.23"]
[SourceDate "2004.09.21"]

1. e4 d5 2. exd5 Qxd5 3. Nf3 Bg4 4. Be2 Nc6 5. O-O O-O-O 6. h3 Bf5 7. Nc3 Qd6
8. d3 e5 9. Be3 Nd4 10. a4 Nf6 11. Nb5 Nxb5 12. axb5 Nd5 13. Rxa7 Be7 14. d4 f6
15. c4 Nxe3 16. fxe3 c6 17. c5 Qd5 18. Qa4 Be6 19. bxc6 Bxc5 20. Rxb7 1-0

[Event "4NCL/Div2/PYO vs. MIN1"]
[Site "Nottingham ENG"]
[Date "2005.01.23"]
[Round "6.4"]
[White "Hagesaether, Arne"]
[Black "Bennet, William D"]
[Result "0-1"]
[WhiteElo "2178"]
[BlackElo "2122"]
[PlyCount "112"]
[EventDate "2005.01.23"]
[SourceDate "2004.09.21"]

1. e4 c5 2. Nf3 Nc6 3. d4 cxd4 4. Nxd4 g6 5. c4 Bg7 6. Be3 Nf6 7. Nc3 Ng4 8.
Qxg4 Nxd4 9. Qd1 e5 10. Bd3 O-O 11. O-O d6 12. Ne2 Be6 13. Qd2 Qd7 14. Nxd4
exd4 15. Bh6 Bxh6 16. Qxh6 Rfc8 17. b3 a6 18. Rad1 b5 19. cxb5 axb5 20. Bb1 Qa7
21. Qd2 d5 22. e5 Rc3 23. h3 Rac8 24. Qxd4 Qe7 25. Qf4 Kg7 26. Rd3 b4 27. Rd4
g5 28. Qd2 h5 29. f4 Bxh3 30. gxh3 g4 31. Rd3 Qh4 32. Qg2 Rxd3 33. Bxd3 Rc3 34.
Rd1 Kf8 35. hxg4 Ke7 36. Kf1 hxg4 37. Ke2 g3 38. Rf1 Rc8 39. Rf3 Rg8 40. Ke3
Rg4 41. Bf5 Qh2 42. Qxh2 gxh2 43. Rh3 Rg3+ 44. Rxg3 h1=Q 45. Kd4 Qh2 46. Rf3
Qh5 47. Re3 Qxf5 48. Kxd5 Qxf4 49. Rd3 Qc1 50. Rd4 Qa3 51. Kc4 Qxa2 52. Kxb4
Qe2 53. Rc4 Qxe5 54. Ka4 f5 55. b4 f4 56. b5 f3 0-1

[Event "4NCL/Div2/PYO vs. MIN1"]
[Site "Nottingham ENG"]
[Date "2005.01.23"]
[Round "6.5"]
[White "Eckersley-Waites, Adam"]
[Black "Kafka, Graeme"]
[Result "1-0"]
[WhiteElo "2072"]
[BlackElo "2130"]
[PlyCount "53"]
[EventDate "2005.01.23"]
[SourceDate "2004.09.21"]

1. e4 c5 2. Nf3 d6 3. d4 cxd4 4. Nxd4 Nf6 5. Nc3 g6 6. Be3 Bg7 7. f3 Nc6 8. Qd2
O-O 9. Bc4 Bd7 10. Bb3 Rc8 11. O-O-O Nxd4 12. Bxd4 b5 13. Bxa7 b4 14. Nd5 Nxd5
15. exd5 Qa5 16. Qe3 Bf5 17. Rd2 Bh6 18. Qxh6 Qxa7 19. h4 f6 20. Qf4 Qd7 21. g4
Bxc2 22. Rxc2 Rxc2+ 23. Kxc2 Qb5 24. Qe3 Rc8+ 25. Kb1 Kf8 26. g5 f5 27. Rd1 1-0

[Event "4NCL/Div2/PYO vs. MIN1"]
[Site "Nottingham ENG"]
[Date "2005.01.23"]
[Round "6.6"]
[White "Muter, Donny"]
[Black "Miller, Naomi K"]
[Result "0-1"]
[WhiteElo "2118"]
[BlackElo "1988"]
[PlyCount "78"]
[EventDate "2005.01.23"]
[SourceDate "2004.09.21"]

1. d4 Nf6 2. Nf3 g6 3. c4 Bg7 4. Nc3 O-O 5. e4 d6 6. Bg5 Nbd7 7. Be2 c6 8. O-O
h6 9. Bh4 Qc7 10. d5 Nc5 11. Nd2 a5 12. Qc2 Bd7 13. f4 cxd5 14. Bxf6 Bxf6 15.
Nxd5 Bd4+ 16. Kh1 Qd8 17. Nf3 Bg7 18. f5 e6 19. fxe6 Bxe6 20. Rad1 Re8 21. Nd4
Bxd5 22. exd5 Qh4 23. Nf3 Qe4 24. Bd3 Nxd3 25. Rxd3 Bxb2 26. Nd2 Qe2 27. Rdf3
Bg7 28. Rxf7 Qg4 29. h3 Qh5 30. Ne4 Rf8 31. Nf6+ Bxf6 32. R7xf6 Kg7 33. Qf2
Rxf6 34. Qxf6+ Kg8 35. Qe6+ Kh8 36. Qxd6 Qe2 37. Rf7 Qb2 38. Qxg6 Qa1+ 39. Kh2
Qe5+ {time} 0-1

[Event "4NCL/Div2/PYO vs. MIN1"]
[Site "Nottingham ENG"]
[Date "2005.01.23"]
[Round "6.7"]
[White "Hillman, Jamie O"]
[Black "Horton, Justin"]
[Result "1/2-1/2"]
[WhiteElo "1980"]
[BlackElo "2096"]
[PlyCount "65"]
[EventDate "2005.01.23"]
[SourceDate "2004.09.21"]

1. e4 e5 2. Nf3 Nc6 3. Bc4 Bc5 4. d3 Nf6 5. Nc3 d6 6. Na4 O-O 7. Nxc5 dxc5 8.
Bg5 h6 9. Bh4 Qd6 10. Nd2 a6 11. a4 Ne7 12. O-O Ng6 13. Bg3 Bd7 14. Qe2 h5 15.
h3 h4 16. Bh2 b5 17. Bb3 Rab8 18. Rfd1 Rfd8 19. axb5 axb5 20. Ra7 Bc6 21. Rda1
c4 22. Ba2 cxd3 23. cxd3 Ra8 24. Bb1 Rxa7 25. Rxa7 Qc5 26. Ra1 Qc1+ 27. Nf1 b4
28. Qc2 Qxc2 29. Bxc2 Bb5 30. Rd1 b3 31. Bxb3 Rxd3 32. Rxd3 Bxd3 33. f3 1/2-1/2

[Event "4NCL/Div2/WRO vs. WWKS1"]
[Site "Nottingham ENG"]
[Date "2005.01.23"]
[Round "6.1"]
[White "Tozer, Richard J D"]
[Black "Wu, Li"]
[Result "1-0"]
[WhiteElo "2302"]
[BlackElo "2247"]
[PlyCount "81"]
[EventDate "2005.01.23"]
[SourceDate "2004.09.21"]

1. d4 Nf6 2. c4 g6 3. Nc3 Bg7 4. e4 d6 5. Be2 O-O 6. Bg5 Na6 7. Qd2 e5 8. d5
Qe8 9. h4 Nc5 10. Bf3 a5 11. Nge2 Bd7 12. h5 b5 13. cxb5 Bxb5 14. Nxb5 Qxb5 15.
Nc3 Qb4 16. h6 Bh8 17. O-O Rfb8 18. b3 Ncxe4 19. Bxe4 Nxe4 20. Nxe4 Qxe4 21.
Rac1 Rb7 22. Rc4 Qf5 23. Rfc1 Bf6 24. Bxf6 Qxf6 25. Rxc7 Rxc7 26. Rxc7 g5 27.
Qxa5 Rf8 28. b4 e4 29. Qa3 Qxh6 30. b5 Rb8 31. Qc3 Qh5 32. Qd4 e3 33. fxe3 Qe2
34. a4 g4 35. Kh2 Rf8 36. Qf4 Qd1 37. Qg5+ Kh8 38. Qf6+ Kg8 39. Rc4 Re8 40.
Qg5+ Kf8 41. Rxg4 1-0

[Event "4NCL/Div2/WRO vs. WWKS1"]
[Site "Nottingham ENG"]
[Date "2005.01.23"]
[Round "6.2"]
[White "Dighton, Simon"]
[Black "Gayson, Peter M"]
[Result "1/2-1/2"]
[WhiteElo "2243"]
[BlackElo "2234"]
[PlyCount "46"]
[EventDate "2005.01.23"]
[SourceDate "2004.09.21"]

1. e4 c5 2. c3 d5 3. exd5 Qxd5 4. d4 Nc6 5. Nf3 e6 6. Bd3 Nf6 7. O-O Be7 8.
dxc5 Bxc5 9. Bg5 Be7 10. Qe2 h6 11. Bxf6 Bxf6 12. Na3 O-O 13. Rad1 Qc5 14. Nc4
g6 15. Be4 Rb8 16. Rfe1 b5 17. Nd6 b4 18. Nxc8 Rbxc8 19. cxb4 Nxb4 20. a3 Nc2
21. Bxc2 Qxc2 22. Rd2 Qc5 23. b4 Qc7 1/2-1/2

[Event "4NCL/Div2/WRO vs. WWKS1"]
[Site "Nottingham ENG"]
[Date "2005.01.23"]
[Round "6.3"]
[White "Adams, David M"]
[Black "James, Russell A"]
[Result "1-0"]
[WhiteElo "2207"]
[BlackElo "2226"]
[PlyCount "109"]
[EventDate "2005.01.23"]
[SourceDate "2004.09.21"]

1. e4 d5 2. exd5 Nf6 3. Nf3 Nxd5 4. d4 g6 5. c4 Nb6 6. Be3 Bg7 7. Nc3 O-O 8.
Be2 Bg4 9. h3 Bxf3 10. Bxf3 Nc6 11. c5 Nc4 12. Qe2 Nxe3 13. fxe3 e6 14. O-O Rb8
15. Rad1 Qg5 16. Ne4 Qe7 17. Qc4 Kh8 18. Kh1 Qh4 19. Nd2 Ne7 20. Be4 f5 21. Rf4
Qf6 22. Rf3 Qh4 23. Rf4 Qf6 24. Bc2 Nd5 25. Rf3 Qg5 26. Nf1 c6 27. Qe2 Rbe8 28.
Bb3 Nf6 29. Nd2 Nh5 30. Qf2 e5 31. dxe5 Bxe5 32. Ne4 Qe7 33. Nd6 Rb8 34. g4 Nf6
35. gxf5 g5 36. Qg2 h6 37. Be6 b6 38. b4 bxc5 39. bxc5 Rb2 40. Rf2 Rxf2 41.
Qxf2 Qg7 42. Qf3 g4 43. hxg4 Qg5 44. Nf7+ Rxf7 45. Bxf7 Nxg4 46. Rg1 h5 47. Bb3
Qh4+ 48. Kg2 Qg5 49. Kh3 Bf6 50. Qg3 Qxf5 51. Qb8+ Kg7 52. Bd1 Qg5 53. Qc7+ Kh6
54. Qf4 Nf2+ 55. Qxf2 1-0

[Event "4NCL/Div2/WRO vs. WWKS1"]
[Site "Nottingham ENG"]
[Date "2005.01.23"]
[Round "6.4"]
[White "Hynes, Anthony"]
[Black "Taylor, Robert K"]
[Result "1-0"]
[WhiteElo "2247"]
[BlackElo "2149"]
[PlyCount "53"]
[EventDate "2005.01.23"]
[SourceDate "2004.09.21"]

1. e4 e6 2. d4 d5 3. Nd2 Nc6 4. Ngf3 Nf6 5. e5 Nd7 6. Be2 f6 7. exf6 Qxf6 8.
Nf1 Bd6 9. Ne3 O-O 10. O-O Nb6 11. c3 Bd7 12. Ng4 Qd8 13. Bd3 h5 14. Nge5 Nxe5
15. dxe5 Be7 16. Ng5 Bxg5 17. Qxh5 Bh6 18. Bxh6 Be8 19. Qg4 Qd7 20. Bg5 Qf7 21.
f4 g6 22. Rf3 Qg7 23. Rh3 Rf5 24. Bxf5 gxf5 25. Qh4 Nd7 26. Bf6 Nxf6 27. exf6
1-0

[Event "4NCL/Div2/WRO vs. WWKS1"]
[Site "Nottingham ENG"]
[Date "2005.01.23"]
[Round "6.5"]
[White "Barrett, Steve J"]
[Black "Thomas, Nicholas"]
[Result "1/2-1/2"]
[WhiteElo "2181"]
[BlackElo "2216"]
[PlyCount "53"]
[EventDate "2005.01.23"]
[SourceDate "2004.09.21"]

1. d4 Nf6 2. c4 e6 3. Nc3 Bb4 4. e3 c5 5. Bd3 Nc6 6. Nge2 O-O 7. O-O cxd4 8.
exd4 d5 9. Bg5 dxc4 10. Bxc4 Be7 11. a3 Qa5 12. Bh4 a6 13. Qd3 Rd8 14. Bb3 Qb6
15. Na4 Qa7 16. Rad1 b5 17. Nac3 Ne5 18. Qg3 Ng6 19. Bxf6 Bxf6 20. d5 Be5 21.
Qg5 Bf6 22. Qh5 Bxc3 23. Nxc3 exd5 24. Bxd5 Bb7 25. Rfe1 Bxd5 26. Nxd5 Re8 27.
Qg5 1/2-1/2

[Event "4NCL/Div2/WRO vs. WWKS1"]
[Site "Nottingham ENG"]
[Date "2005.01.23"]
[Round "6.6"]
[White "Pitcher, John"]
[Black "Arnott, Jonathan W"]
[Result "1/2-1/2"]
[WhiteElo "2180"]
[BlackElo "2126"]
[PlyCount "113"]
[EventDate "2005.01.23"]
[SourceDate "2004.09.21"]

1. e4 e6 2. d4 d5 3. e5 c5 4. c3 Qb6 5. Nf3 Bd7 6. Be2 cxd4 7. cxd4 Bb5 8. Nc3
Bxe2 9. Nxe2 Bb4+ 10. Kf1 Nc6 11. h4 h5 12. Rb1 Nge7 13. Be3 Nf5 14. Kg1 Be7
15. b4 Qd8 16. Bg5 f6 17. Bd2 Qb6 18. Bc3 fxe5 19. dxe5 O-O 20. Be1 Nh6 21.
Ned4 Nxd4 22. Qxd4 Rfc8 23. Qd3 Nf5 24. Kh2 Rc4 25. g3 Rac8 26. Kg2 Qa6 27. a3
Qc6 28. Bd2 Qe8 29. Rhc1 Qg6 30. Rxc4 Rxc4 31. Rb3 Bxh4 32. Nxh4 Nxh4+ 33. Kf1
Nf5 34. Rc3 Qg4 35. Rxc4 Qxc4 36. Qxc4 dxc4 37. Ke2 Nd4+ 38. Ke3 Nc2+ 39. Ke4
Nxa3 40. Kd4 b5 41. Bc1 Nc2+ 42. Kc5 a6 43. Bd2 Na1 44. Kb6 Nb3 45. Be3 c3 46.
Kxa6 c2 47. Kxb5 c1=Q 48. Bxc1 Nxc1 49. Kc6 g5 50. b5 Nb3 51. b6 h4 52. gxh4
gxh4 53. Kb5 Nd4+ 54. Kc5 Nb3+ 55. Kb5 Nd4+ 56. Kc5 Nb3+ 57. Kb5 1/2-1/2

[Event "4NCL/Div2/WRO vs. WWKS1"]
[Site "Nottingham ENG"]
[Date "2005.01.23"]
[Round "6.7"]
[White "Cumbers, Paul"]
[Black "Hunt, Malcolm A"]
[Result "1/2-1/2"]
[WhiteElo "2118"]
[BlackElo "2143"]
[PlyCount "104"]
[EventDate "2005.01.23"]
[SourceDate "2004.09.21"]

1. e4 e5 2. Nf3 Nc6 3. d4 exd4 4. Nxd4 Nf6 5. Nxc6 bxc6 6. e5 Qe7 7. Qe2 Nd5 8.
c4 Nb6 9. Nc3 a5 10. Qe4 a4 11. Bd2 g6 12. Bd3 Bg7 13. f4 f5 14. Qe3 Qe6 15.
O-O Nxc4 16. Bxc4 Qxc4 17. b3 Qe6 18. Nxa4 d6 19. Bc3 O-O 20. Rfe1 Ba6 21. Qf2
Qf7 22. Rad1 Rfd8 23. Qh4 Qf8 24. exd6 Rxd6 25. Bb4 Qd8 26. Qxd8+ Rdxd8 27. Nc5
Bd4+ 28. Kh1 Bf2 29. Rxd8+ Rxd8 30. Rb1 Be2 31. Ne6 Rd7 32. Bc5 Bxc5 33. Nxc5
Rd2 34. a4 Rc2 35. b4 Bc4 36. a5 Bd5 37. Rg1 Rb2 38. a6 Ra2 39. h3 Bc4 40. Kh2
Bxa6 41. Rd1 Bc4 42. Rd8+ Kf7 43. Rd7+ Ke8 44. Rxh7 Bd5 45. Kg3 Rxg2+ 46. Kh4
g5+ 47. fxg5 f4 48. Rh6 f3 49. Rf6 Ke7 50. Kh5 Rh2 51. h4 Bf7+ 52. Kg4 Bd5
1/2-1/2

[Event "4NCL/Div2/WRO vs. WWKS1"]
[Site "Nottingham ENG"]
[Date "2005.01.23"]
[Round "6.8"]
[White "Chevannes, Sabrina"]
[Black "Khakimova, Masrura"]
[Result "1-0"]
[WhiteElo "2089"]
[BlackElo "1805"]
[PlyCount "113"]
[EventDate "2005.01.23"]
[SourceDate "2004.09.21"]

1. d4 Nf6 2. Nf3 d6 3. Bg5 Ne4 4. Bh4 Bf5 5. Nbd2 Nd7 6. Nxe4 Bxe4 7. Nd2 Bg6
8. e4 Nf6 9. Bxf6 gxf6 10. f4 f5 11. exf5 Bxf5 12. g4 Bd7 13. Qe2 Bc6 14. Rg1
Bg7 15. Qe3 e6 16. O-O-O Qh4 17. Nf3 Bxf3 18. Qxf3 O-O-O 19. Rg3 Qe7 20. Qa3
Kb8 21. Rb3 c6 22. Qa4 Rc8 23. Ra3 b6 24. Rdd3 Rhd8 25. Rdc3 c5 26. Rcb3 Qb7
27. d5 exd5 28. Ba6 Qc6 29. Bxc8 Qxa4 30. Rxa4 Rxc8 31. Rh3 h6 32. Raa3 Re8 33.
Rae3 Rc8 34. Re7 Rc7 35. Rxc7 Kxc7 36. b3 Kd7 37. Re3 d4 38. Re2 d5 39. Kd2 b5
40. h4 f6 41. Kd3 a5 42. f5 Bf8 43. Re6 Be7 44. Rb6 b4 45. Rb5 Kd6 46. Rxa5 Ke5
47. Ra7 Bd6 48. Rh7 Kf4 49. Rxh6 Kxg4 50. Rxf6 Be7 51. Re6 Bxh4 52. f6 Kf5 53.
f7 Kxe6 54. f8=Q Be7 55. Qa8 Bd6 56. Qc6 Ke5 57. Qd7 1-0

[Event "4NCL/Div2/BAR2 vs. SLOS1"]
[Site "Nottingham ENG"]
[Date "2005.01.23"]
[Round "6.1"]
[White "Berry, Neil"]
[Black "Pert, Nicholas"]
[Result "1/2-1/2"]
[WhiteElo "2260"]
[BlackElo "2501"]
[PlyCount "52"]
[EventDate "2005.01.23"]
[SourceDate "2004.09.21"]

1. d4 d5 2. c4 c6 3. Nf3 Nf6 4. Nc3 dxc4 5. a4 Bf5 6. Nh4 e6 7. Nxf5 exf5 8. e3
Bb4 9. Bxc4 O-O 10. O-O Nbd7 11. Qc2 g6 12. f3 Rc8 13. Qf2 c5 14. Ba2 a6 15.
Kh1 Qb6 16. Qh4 cxd4 17. exd4 Bxc3 18. bxc3 Rxc3 19. Rb1 Qc6 20. d5 Nxd5 21.
Qd4 N5f6 22. Bb2 Rc2 23. Bb3 Rc5 24. Ba3 Re8 25. Bxc5 Qxc5 26. Qc4 Qxc4 1/2-1/2

[Event "4NCL/Div2/BAR2 vs. SLOS1"]
[Site "Nottingham ENG"]
[Date "2005.01.23"]
[Round "6.2"]
[White "Paehtz, Elisabeth"]
[Black "Taylor, Martin R"]
[Result "1/2-1/2"]
[WhiteElo "2407"]
[BlackElo "2308"]
[PlyCount "82"]
[EventDate "2005.01.23"]
[SourceDate "2004.09.21"]

1. e4 e5 2. Nf3 Nc6 3. Bc4 Bc5 4. c3 d6 5. d3 Nf6 6. Bb3 a6 7. h3 Ba7 8. Nbd2
O-O 9. Nf1 Ne7 10. Ng3 h6 11. O-O c6 12. Re1 Re8 13. Nh4 Be6 14. Qf3 Kh7 15.
Bc2 c5 16. Nhf5 Nxf5 17. Nxf5 Ng8 18. Be3 g6 19. Ng3 d5 20. Bb3 c4 21. dxc4
dxc4 22. Ba4 b5 23. Bc2 Qf6 24. Qe2 Qe7 25. Nf1 Nf6 26. Kh2 Kg7 27. Bxa7 Qxa7
28. Red1 Red8 29. Ne3 Qc5 30. a3 Rxd1 31. Rxd1 Ra7 32. g3 Rd7 33. Rxd7 Bxd7 34.
Qd2 Bc6 35. f3 h5 36. h4 Ne8 37. Kg2 Kf8 38. Nd1 Qd6 39. Qe3 Kg7 40. Nf2 Bd7
41. Kf1 Nc7 1/2-1/2